000 00813nam a2200181Ia 4500
003 IN-BaIIA
008 211028s9999 xx 000 0 eng d
040 _cIIA Library
080 _a524.744(063)
_bCON
111 _aWorkshop on Continuum Emission in Active Galactic Nuclei
_cTucson, Arizona, U.S.A
_d1986 Jan. 11-14
_915321
245 0 _aContinuum emission in active galactic nuclei
_bprocedings of a workshop on continuum emission in active galactic nuclei, held in Tucson, Arizona, U.S.A., January 11-14, 1986
_cedited by Michael L. Sitko
260 _aArizona
_bUniversity of Arizona Press
_c1986
300 _aii, 224p.
650 _aActive galactic nuclei
_96209
650 _aAstronomy and astrophysics thesaurus
700 _aSitko, Michael L .,ed.
_915322
942 _cBK
999 _c9126
_d9126